| Tag |
First Indicator |
Second Indicator |
Subfields |
| LEADER |
00000cam a2200000Ki 4500 |
| 001 |
in00003339921 |
| 006 |
m o d |
| 007 |
cr cnu---unuuu |
| 008 |
130909s2013 ne ob 001 0 eng d |
| 005 |
20250816213625.5 |
| 020 |
|
|
|a 9789047431060
|q (electronic bk.)
|
| 020 |
|
|
|a 9047431065
|q (electronic bk.)
|
| 020 |
|
|
|z 9789004177635
|
| 020 |
|
|
|z 9004177639
|
| 035 |
|
|
|a (NhCcYBP)ebr10757059
|
| 040 |
|
|
|a NhCcYBP
|c NhCcYBP
|d UtOrBLW
|
| 050 |
|
4 |
|a JC578.R383
|b J65 2013
|
| 072 |
|
7 |
|a POL
|x 032000
|2 bisacsh
|
| 072 |
|
7 |
|a POL
|x 040000
|2 bisacsh
|
| 072 |
|
7 |
|a POL
|x 030000
|2 bisacsh
|
| 072 |
|
7 |
|a POL
|x 018000
|2 bisacsh
|
| 082 |
0 |
4 |
|a 320.01/1
|2 23
|
| 245 |
0 |
0 |
|a John Rawls, a theory of justice /
|c edited by Otfried Hoffe ; translated by Joost den Haan.
|
| 264 |
|
1 |
|a Leiden ;
|a Boston :
|b Brill,
|c 2013.
|
| 300 |
|
|
|a 1 online resource.
|
| 336 |
|
|
|a text
|b txt
|2 rdacontent
|
| 337 |
|
|
|a computer
|b c
|2 rdamedia
|
| 338 |
|
|
|a online resource
|b cr
|2 rdacarrier
|
| 504 |
|
|
|a Includes bibliographical references and index.
|
| 588 |
0 |
|
|a Print version record.
|
| 500 |
|
|
|a Electronic resource.
|
| 600 |
1 |
0 |
|a Rawls, John,
|d 1921-2002.
|t Theory of justice.
|
| 650 |
|
0 |
|a Justice (Philosophy)
|
| 650 |
|
0 |
|a Justice.
|
| 655 |
|
7 |
|a Electronic books.
|2 local
|
| 700 |
1 |
|
|a Höffe, Otfried.
|
| 710 |
2 |
|
|a ebrary, Inc.
|
| 776 |
1 |
8 |
|i Print version:
|t John Rawls, a theory of justice
|z 9789004177635
|w (DLC) 2013024108
|
| 856 |
4 |
1 |
|u https://ebookcentral.proquest.com/lib/tamucs/detail.action?docID=1367826
|y Connect to the full text of this electronic book
|t 0
|
| 955 |
|
|
|a YBP purchased DDA e-records
|
| 980 |
|
|
|b 199.50
|g 1
|
| 999 |
f |
f |
|s b6bc747c-b917-3f1d-93bb-b69ae9b8cd5d
|i 33176c2c-801f-3a6f-97df-0ca941177193
|t 0
|
| 999 |
|
|
|a MARS
|
| 952 |
f |
f |
|a Texas A&M University
|b College Station
|c Electronic Resources
|d Available Online
|t 0
|e JC578.R383 J65 2013
|h Library of Congress classification
|
| 998 |
f |
f |
|a JC578.R383 J65 2013
|t 0
|l Available Online
|